LEADER 01398nam--2200385---450- 001 990002866800203316 005 20101221095504.0 010 $a2-8027-1992-0 035 $a000286680 035 $aUSA01000286680 035 $a(ALEPH)000286680USA01 035 $a000286680 100 $a20070208d2005----km-y0itay50------ba 101 $afre 102 $aBE 105 $a||||||||001yy 200 1 $a<>application du droit international humanitaire et des droits de l'homme aux organisations internationales$eforces de paix et administrations civiles transitoires$fRobert Kolb, Gabriele Porretto, Sylvain Vité 210 $aBruxelles$cBruylant$d2005 215 $a500 p.$d24 cm 410 0$12001 606 0 $aDiritti dell'uomo$xDiritto internazionale 676 $a341.481 700 1$aKOLB,$bRobert$0267679 701 1$aPORRETTO,$bGabriele$0595815 701 1$aVITE,$bSylvain$0595816 801 0$aIT$bsalbc$gISBD 912 $a990002866800203316 951 $aXXIII.1.M. 551 (IG VIII 16 FR 457)$b52083 G.$cXXIII.1.M. 551 (IG VIII 16 FR)$d00121188 959 $aBK 969 $aGIU 979 $aIANNONE$b90$c20070208$lUSA01$h1210 979 $aRSIAV4$b90$c20091109$lUSA01$h1647 979 $aRSIAV4$b90$c20101221$lUSA01$h0955 996 $aApplication du droit international humanitaire et des droits de l'homme aux organisations internationales$9991271 997 $aUNISA LEADER 00963cam--2200313---450 001 990001442250203316 005 20210415102740.0 035 $a000144225 035 $aUSA01000144225 035 $a(ALEPH)000144225USA01 035 $a000144225 100 $a20040220d1962----km-y0itay50------ba 101 0 $aita 102 $aIT 105 $ay|||||||001yy 200 1 $aStoria della politica estera italiana dal 1870 al 1896$fFederico Chabod 210 $aBari$cLaterza$d1962 215 $aXX, 712 p.$d25 cm 607 $aItalia$xPolitica internazionale$z1870-1896$2BNCF 676 $a327.45009034 700 1$aCHABOD,$bFederico$0138093 801 0$aIT$bsalbc$gISBD 912 $a990001442250203316 951 $aX.3.B. 717(III E 193)$b13874 L.M.$cX.3.$d00354579 951 $aX.3.B. 717a(III D 385)$b46918 L.M.$cX.3.$d00354580 959 $aBK 969 $aUMA 996 $aStoria della politica estera italiana dal 1870 al 1896$9157464 997 $aUNISA